000 01150nam a2200241Ia 4500
999 _c38784
_d38784
001 5133
003 GE_BSU
005 20190514165447.0
008 181216s1988||||ge |||||||||||||| ||geo||
040 _cGE_BSU
041 _ageo
080 _a004.651(072) ჩ-78
100 _aგოგიჩაიშვილი, გ.
_91123
245 _aმონაცემთა ბაზების მართვის სისტემები :
_bდამხმ. სახელმძღვ. /
_cგ.ჩოგოვაძე, გ. სურგულაძე, გ. ქაჩიბაია ; რედ. ე. გიორგაძე.
264 _aთბილისი :
_bსპი,
_c1988.
300 _a115 გვ. ;
_c20 სმ.
504 _aბიბლიოგრ. : გვ.113.
653 _aმონაცემთა ბაზების მართვის სისტემები
700 _aსურგულაძე, გ.
_eავტორი
_9948
700 _aქაჩიბაია, გ.
_eავტორი
_91131
700 _aგიორგაძე, ე.
_eრედაქტორი
_9398
942 _cBK
_2udc